000
00329nam a22001337a 4500
008
170606b xxu||||| |||| 00| 0 eng d
020
_a
9781608710058
041
_a
eng
080
_a
94(7'/8)
100
_a
18
101
_a
SHH
245
_a
KEEPIMG THE REPUBLIC ESSENTIALS AMERICAN POLITICS
_c
BARBOUR.CH
942
_2
udc
_c
BK
999
_c
16071
_d
16071